000 00350 a2200169 4500
001 183008
020 _a85-08-06085-8
040 _cMagnum
100 _aRocha, Ruth
240 1 0 _aLá vem o ano novo
_lpor
245 1 0 _aLá vem o ano novo
300 _a20
362 0 _a2002
440 1 _aÁtica
697 _aLITERATURA INFANTIL
942 _cBK
999 _c183008
_d183008